Biology of humans: Concepts, applications and issues (Record no. 166218)

MARC details
000 -LEADER
fixed length control field 00418nam a2200157Ia 4500
008 - FIXED-LENGTH DATA ELEMENTS--GENERAL INFORMATION
fixed length control field 230917s9999||||xx |||||||||||||| ||und||
040 ## - CATALOGING SOURCE
-- 202158
Original cataloging agency VIVEKANANDA LIBRARY
041 ## - Language
-- English
082 ## - DDC NUMBER
Classification number 570 G615B(4)
100 ## - MAIN ENTRY--PERSONAL NAME
Personal name Goodenough, Judith
245 #0 - TITLE STATEMENT
Title Biology of humans: Concepts, applications and issues
250 ## - EDITION STATEMENT
Edition statement 4th ed.
260 ## - PUBLICATION, DISTRIBUTION, ETC. (IMPRINT)
Place of publication, distribution, etc New York
Name of publisher, distributor, etc Benjamin Cummings
Date of publication, distribution, etc 2012
300 ## - PHYSICAL DESCRIPTION
Pages xxiv, 523 p.
942 ## - ADDED ENTRY ELEMENTS (KOHA)
Koha item type Books
Holdings
Withdrawn status Lost status Damaged status Not for loan Location (home branch) Sublocation or collection (holding branch) Date acquired Koha issues (times borrowed) Koha full call number Accession No. Koha date last seen Koha item type
        VIVEKANANDA LIBRARY VIVEKANANDA LIBRARY 21/01/2015 1 570 G615B(4) 308645 03/03/2025 Books
        VIVEKANANDA LIBRARY VIVEKANANDA LIBRARY 21/01/2015 1 570 G615B(4) 320418 25/02/2025 Books
© Designed and Maintained by Vivekananda Library, MDU Rohtak